| 000 | 00490nam a2200169Ia 4500 | ||
|---|---|---|---|
| 008 | 230718s9999 xx 000 0 und d | ||
| 020 | _a9788184000191 | ||
| 041 | _aeng | ||
| 082 |
_a321.04 _bMAT |
||
| 100 |
_aMathur A.N. _9194481 |
||
| 245 |
_aStrategies For The Future _bUnderstanding International Business |
||
| 260 |
_c2012 _bRandom House |
||
| 300 | _a310 | ||
| 365 |
_cRs. _b299.00 |
||
| 700 |
_aMathur A.N. _9194481 |
||
| 906 |
_dO:0333215-Mar-2013B:284208-Mar-2013 _cGENRL _b65.78 |
||
| 999 |
_c332204 _d332204 |
||